Music Quiz

Random Music or Clickable Quiz

Important peope Quiz Stats

 Plays Quiz not verified by Sporcle

Challenge
Share
Tweet
Embed
Score 0/26 Timer 20:00
0 Plays Today
% Correct
JFK
68.8%
Richard Nixon
68.8%
Lyndon J
62.5%
Gerald Ford
62.5%
Madame Nhu
62.5%
Ngo Dinh Nhu
56.3%
Eisenhower
50%
Robert M
50%
pol pot
50%
Clark C
43.8%
James S
43.8%
ngo quang
43.8%
Ho chi minh
43.8%
% Correct
Le doc
43.8%
Melvin L
37.5%
Henry K
37.5%
Frederick W
37.5%
Nguyen
37.5%
Khieu Samphan
37.5%
Mao Zedong
37.5%
William W
31.3%
pham van
31.3%
Vo Nguyen
31.3%
Creighton A
25%
Ngh Dinh Diem
25%
Le trong tan
25%

You're not logged in!

Compare scores with friends on all Sporcle quizzes.
Join for Free
OR
Log In

You Might Also Like...

Show Comments

Extras

Created Oct 23, 2012ReportNominate
Tags:Clickable Quiz, important

Top Quizzes Today


Score Distribution

Your Account Isn't Verified!

In order to create a playlist on Sporcle, you need to verify the email address you used during registration. Go to your Sporcle Settings to finish the process.

Report this User

Report this user for behavior that violates our Community Guidelines.

Details: